[Event "Niedersachsen-ch U12"]
[Site "Rotenburg"]
[Date "2009.04.09"]
[Round "10"]
[White "Helmold, Finn"]
[Black "Koppelmann, Jan Phillip"]
[Result "0-1"]
[WhiteElo "735"]
[BlackElo "1071"]
[PlyCount "56"]
[EventDate "2009.04.04"]
[EventType "swiss"]
[EventRounds "11"]
[EventCountry "GER"]
[SourceTitle "EXT 2010"]
[Source "ChessBase"]
[SourceDate "2010.11.25"]
[SourceVersion "1"]
[SourceVersionDate "2010.11.25"]
[SourceQuality "1"]

1. e4 g6 2. Nf3 Bg7 3. d4 d6 4. Nc3 a6 5. Bc4 e6 6. Bf4 b5 7. Bb3 Bb7 8. 0-0 Nd7 9. Re1 Ngf6 10. Qe2 0-0 11. Rad1 Qe7 12. Bg5 h6 13. Bxf6 Bxf6 14. Qe3 Bg7 15. d5 exd5 16. exd5 Qxe3 17. Rxe3 Rae8 18. Rde1 Rxe3 19. Rxe3 Nf6 20. Ne4 Nxe4 21. Rxe4 Bxb2 22. Rh4 h5 23. Ng5 Re8 24. g3 a5 25. c4 a4 26. Bc2 bxc4 27. Rf4 Bxd5 28. Bxa4 Re1# 0-1

[Event "Niedersachsen-ch U12"]
[Site "Rotenburg"]
[Date "2009.04.08"]
[Round "7"]
[White "Koppelmann, Jan Phillip"]
[Black "Dannenberg, Nicole"]
[Result "1-0"]
[WhiteElo "1071"]
[BlackElo "879"]
[PlyCount "107"]
[EventDate "2009.04.04"]
[EventType "swiss"]
[EventRounds "11"]
[EventCountry "GER"]
[SourceTitle "EXT 2010"]
[Source "ChessBase"]
[SourceDate "2010.11.25"]
[SourceVersion "1"]
[SourceVersionDate "2010.11.25"]
[SourceQuality "1"]

1. e4 e6 2. Nf3 d5 3. exd5 exd5 4. d4 Nf6 5. Nc3 c6 6. Be2 Bd6 7. 0-0 0-0 8. Bg5 Re8 9. Re1 Bf5 10. Bd3 Nbd7 11. Bxf5 h6 12. Bxd7 Qxd7 13. Bxf6 gxf6 14. Qd2 Kg7 15. Rxe8 Rxe8 16. Re1 Rxe1+ 17. Qxe1 Qe7 18. Qxe7 Bxe7 19. Nh4 h5 20. Nf5+ Kf8 21. Nxe7 Kxe7 22. g3 f5 23. Kg2 Kf6 24. h3 Kg6 25. f3 f6 26. Kf2 Kh6 27. Ke3 h4 28. gxh4 Kg6 29. Kf4 a6 30. Ne2 b5 31. Ng3 a5 32. Nxf5 a4 33. Ne7+ Kh6 34. Kf5 Kg7 35. h5 Kh6 36. Kxf6 Kxh5 37. f4 Kh6 38. f5 Kh7 39. Nxc6 Kg8 40. Ke7 Kg7 41. Na7 b4 42. Nc6 b3 43. cxb3 axb3 44. axb3 Kg8 45. f6 Kh7 46. f7 Kg6 47. f8Q Kg5 48. h4+ Kxh4 49. Qg7 Kh5 50. Kf6 Kh4 51. Kf5 Kh3 52. Kf4 Kh2 53. Kf3 Kh1 54. Qg2# 1-0

[Event "Niedersachsen-ch U12"]
[Site "Rotenburg"]
[Date "2009.04.06"]
[Round "4"]
[White "Koppelmann, Jan Phillip"]
[Black "Edel, Fenja"]
[Result "0-1"]
[WhiteElo "1071"]
[BlackElo "1136"]
[PlyCount "76"]
[EventDate "2009.04.04"]
[EventType "swiss"]
[EventRounds "11"]
[EventCountry "GER"]
[SourceTitle "EXT 2010"]
[Source "ChessBase"]
[SourceDate "2010.11.25"]
[SourceVersion "1"]
[SourceVersionDate "2010.11.25"]
[SourceQuality "1"]

1. e4 e6 2. Nf3 d5 3. exd5 exd5 4. d4 Bd6 5. Nc3 c6 6. Bd3 Nf6 7. 0-0 0-0 8. Bg5 Bg4 9. Re1 Nbd7 10. Be2 Qc7 11. g3 h6 12. Bxf6 Nxf6 13. Ne5 Bh3 14. Ng4 Nh5 15. Ne5 Nf6 16. Bg4 Nxg4 17. Nxg4 Rfe8 18. Re3 Rxe3 19. Nxe3 Re8 20. Qd2 Re6 21. Re1 f5 22. f4 Bxf4 23. gxf4 Rg6+ 24. Kf2 Qxf4+ 25. Ke2 Qxh2+ 26. Kd1 Qxd2+ 27. Kxd2 f4 28. Nf1 f3 29. Nd1 Rf6 30. Nfe3 f2 31. Rh1 f1Q 32. Nxf1 Bxf1 33. Ke1 Bg2 34. Rg1 Be4 35. c3 h5 36. Ne3 h4 37. Rg4 Rh6 38. Kf2 h3 0-1

[Event "Niedersachsen-ch U12"]
[Site "Rotenburg"]
[Date "2009.04.06"]
[Round "5"]
[White "Lienau, Marei"]
[Black "Koppelmann, Jan Phillip"]
[Result "1-0"]
[WhiteElo "854"]
[BlackElo "1071"]
[PlyCount "67"]
[EventDate "2009.04.04"]
[EventType "swiss"]
[EventRounds "11"]
[EventCountry "GER"]
[SourceTitle "EXT 2010"]
[Source "ChessBase"]
[SourceDate "2010.11.25"]
[SourceVersion "1"]
[SourceVersionDate "2010.11.25"]
[SourceQuality "1"]

1. e4 c5 2. Nf3 Nc6 3. d4 cxd4 4. Nxd4 g6 5. Nc3 Bg7 6. Be3 Nf6 7. Bc4 0-0 8. Qd2 Ng4 9. 0-0-0 Nxe3 10. Qxe3 Bxd4 11. Rxd4 Nxd4 12. Qxd4 d6 13. g3 a6 14. f3 Rb8 15. g4 Bd7 16. h4 Qa5 17. h5 b5 18. Bb3 b4 19. Nd5 Qd8 20. hxg6 e5 21. gxh7+ Kh8 22. Qe3 a5 23. Qh6 a4 24. Bc4 b3 25. Rh5 f6 26. g5 a3 27. cxb3 axb2+ 28. Kxb2 Bg4 29. fxg4 fxg5 30. Rxg5 Rf2+ 31. Kc1 Rb7 32. Rg8+ Qxg8 33. hxg8Q+ Kxg8 34. Ne7# 1-0

[Event "Niedersachsen-ch op"]
[Site "Verden"]
[Date "2009.01.04"]
[Round "3"]
[White "Kramer, Norbert"]
[Black "Koppelmann, Jan Phillip"]
[Result "1-0"]
[WhiteElo "1767"]
[BlackElo "1033"]
[PlyCount "129"]
[EventDate "2009.01.03"]
[EventType "swiss"]
[EventRounds "7"]
[EventCountry "GER"]
[SourceTitle "EXT 2012"]
[Source "ChessBase"]
[SourceDate "2011.11.24"]
[SourceVersion "1"]
[SourceVersionDate "2011.11.24"]
[SourceQuality "1"]

1. Nf3 c5 2. e3 Nc6 3. d4 cxd4 4. exd4 g6 5. Bd3 Bg7 6. c3 d6 7. 0-0 Nf6 8. Nbd2 0-0 9. Re1 e5 10. dxe5 Nxe5 11. Nxe5 dxe5 12. Ne4 Bf5 13. Qc2 Qe7 14. Be3 b6 15. Rad1 Rad8 16. Bg5 Bxe4 17. Bxe4 Qe6 18. a4 Qg4 19. Bxf6 Bxf6 20. f3 Qf4 21. Qe2 Bg5 22. Qa6 Rxd1 23. Rxd1 Rd8 24. Rxd8+ Bxd8 25. Qe2 b5 26. g3 Qc1+ 27. Kg2 bxa4 28. Qc2 Qe3 29. Bc6 Bb6 30. Bxa4 Qg1+ 31. Kh3 Qf1+ 32. Qg2 Qc4 33. Bd1 Qe6+ 34. g4 g5 35. Qd2 Qh6+ 36. Kg2 Bc7 37. Qd7 Bb6 38. Qe8+ Qf8 39. Qxe5 Qc5 40. Qxc5 Bxc5 41. Kf1 Kf8 42. b4 Bd6 43. h3 Ke7 44. Ke2 Kd7 45. Kd3 Kc6 46. Kc4 h6 47. Bc2 Kb6 48. Be4 Bf4 49. Kb3 a5 50. bxa5+ Kxa5 51. Kc4 Kb6 52. Kd4 f6 53. c4 Bd6 54. Kd5 Kc7 55. Ke6 Be5 56. Kf5 Kd7 57. Kg6 Ke7 58. Kxh6 Kf7 59. Bd5+ Ke7 60. Kg6 Kd6 61. Kf5 Kc5 62. f4 gxf4 63. h4 f3 64. h5 f2 65. Bg2 1-0

[Event "Niedersachsen-ch op"]
[Site "Verden"]
[Date "2009.01.03"]
[Round "2"]
[White "Koppelmann, Jan Phillip"]
[Black "Wolf, Fritjof"]
[Result "0-1"]
[WhiteElo "1033"]
[BlackElo "1664"]
[PlyCount "64"]
[EventDate "2009.01.03"]
[EventType "swiss"]
[EventRounds "7"]
[EventCountry "GER"]
[SourceTitle "EXT 2012"]
[Source "ChessBase"]
[SourceDate "2011.11.24"]
[SourceVersion "1"]
[SourceVersionDate "2011.11.24"]
[SourceQuality "1"]

1. e4 c6 2. Nc3 d5 3. exd5 cxd5 4. d4 Nf6 5. Nf3 Bg4 6. Be2 e6 7. Ne5 Bxe2 8. Qxe2 a6 9. Bg5 Be7 10. Bxf6 Bxf6 11. 0-0 0-0 12. Rad1 Nc6 13. Nxc6 bxc6 14. Na4 Be7 15. c4 Qa5 16. Nc3 Rab8 17. c5 Rb7 18. a3 Rfb8 19. Rb1 Bf6 20. Rfd1 Rb3 21. Rd2 Rxc3 22. bxc3 Rxb1+ 23. Rd1 Rxd1+ 24. Qxd1 Qxa3 25. Qd3 Qc1+ 26. Qf1 Qxf1+ 27. Kxf1 e5 28. dxe5 Bxe5 29. h3 Bxc3 30. Ke2 a5 31. Kd3 d4 32. Kc2 a4 0-1

[Event "Niedersachsen-chT U12"]
[Site "Verden an der Aller"]
[Date "2008.05.01"]
[Round "1.4"]
[White "Bruns, Kai Christian"]
[Black "Koppelmann, Jan Phillip"]
[Result "1/2-1/2"]
[WhiteElo "1075"]
[BlackElo "805"]
[PlyCount "133"]
[EventDate "2008.05.01"]
[EventType "team"]
[EventRounds "7"]
[EventCountry "GER"]
[SourceTitle "EXT 2009"]
[Source "ChessBase"]
[SourceDate "2008.11.26"]
[SourceVersion "1"]
[SourceVersionDate "2008.11.26"]
[SourceQuality "1"]

1. c3 d6 2. e4 Nf6 3. d3 g6 4. g3 Bg7 5. Bf4 0-0 6. Bg2 Nbd7 7. Nf3 c6 8. Qd2 b5 9. d4 Nxe4 10. Qe3 Nef6 11. Bg5 Ng4 12. Qf4 e5 13. Qxg4 Qb6 14. 0-0 c5 15. d5 Nf6 16. Qh4 Nxd5 17. Bh6 Rb8 18. Ng5 Nf6 19. Nd2 Bb7 20. Bxg7 Kxg7 21. Nde4 Bxe4 22. Bxe4 h5 23. a4 bxa4 24. Rxa4 Qxb2 25. c4 Qb3 26. Rxa7 Qxc4 27. Rd1 d5 28. Bxd5 Qxh4 29. gxh4 Nxd5 30. Rxd5 Rb1+ 31. Kg2 Kf6 32. Nh7+ Ke6 33. Rxe5+ Kxe5 34. Nxf8 c4 35. Nd7+ Kd4 36. Ra4 Kd3 37. Nc5+ Kd4 38. Nd7 Kc3 39. Nc5 Rd1 40. Ne4+ Kd3 41. Nc5+ Kd4 42. Nb3+ Kc3 43. Na1 Kd3 44. f3 c3 45. Kf2 Kd2 46. Nb3+ Kd3 47. Rd4+ Kc2 48. Na1+ Rxa1 49. Ke2 Ra2 50. Rd1 Kb3+ 51. Kd3 c2 52. Rc1 f5 53. f4 Ra4 54. Rxc2 Rxf4 55. Rc3+ Kb4 56. Rc6 Rxh4 57. Rxg6 Rxh2 58. Rg5 f4 59. Rf5 Kb3 60. Rxf4 Rh3+ 61. Kd2 Kb2 62. Ke2 Kc2 63. Kf2 Kd2 64. Kg2 Ke3 65. Kxh3 Kxf4 66. Kh4 Kf3 67. Kxh5 1/2-1/2